Normal view
MARC view
Entry Personal Name
001 - CONTROL NUMBER
- control field: 19588
003 - CONTROL NUMBER IDENTIFIER
- control field: AE-DuALZ
005 - DATE AND TIME OF LATEST TRANSACTION
- control field: 20250221162339.0
008 - FIXED-LENGTH DATA ELEMENTS
- fixed length control field: 250221|| aca||aabn | a|a d
040 ## - CATALOGING SOURCE
- Original cataloging agency: AE-DuALZ
- Transcribing agency: AE-DuALZ
100 ## - HEADING--PERSONAL NAME
- Personal name: Abdelhalim, Abdelhalim Ibrahim
- General subdivision: Criticism and interpretation
670 ## - SOURCE DATA FOUND
- Source citation: Work cat.: (AE-DuALZ)8862: Steele, James. 8650, Abdelhalim Ibrahim Abdelhalim :, 2020.